5HLuxD.jpg

KING HENRY VIII SENIOR AND PRIMARY SCHOOL LIBRARY OPAC

Cultural traditions in Vietnam / (Record no. 1348)

000 -LEADER
fixed length control field 01777cam a2200373 i 4500
001 - CONTROL NUMBER
control field 19695573
003 - CONTROL NUMBER IDENTIFIER
control field OSt
005 - DATE AND TIME OF LATEST TRANSACTION
control field 20221228150604.0
008 - FIXED-LENGTH DATA ELEMENTS--GENERAL INFORMATION
fixed length control field 170608s2018 onc j 001 0 eng
010 ## - LIBRARY OF CONGRESS CONTROL NUMBER
LC control number 2017024410
020 ## - INTERNATIONAL STANDARD BOOK NUMBER
International Standard Book Number 9780778781097 (pbk.)
040 ## - CATALOGING SOURCE
Original cataloging agency DLC
Language of cataloging eng
Transcribing agency DLC
Description conventions rda
Modifying agency DLC
-- KH8
042 ## - AUTHENTICATION CODE
Authentication code pcc
043 ## - GEOGRAPHIC AREA CODE
Geographic area code a-vt---
082 00 - DEWEY DECIMAL CLASSIFICATION NUMBER
Classification number 394.269597 LAB
Edition number 23
100 1# - MAIN ENTRY--PERSONAL NAME
Personal name Labrie, Julia,
Relator term author.
245 10 - TITLE STATEMENT
Title Cultural traditions in Vietnam /
Statement of responsibility, etc. Julia Labrie.
264 #1 - PRODUCTION, PUBLICATION, DISTRIBUTION, MANUFACTURE, AND COPYRIGHT NOTICE
Place of production, publication, distribution, manufacture St. Catharines, Ontario ;
-- New York, New York :
Name of producer, publisher, distributor, manufacturer Crabtree Publishing,
Date of production, publication, distribution, manufacture, or copyright notice 2018.
300 ## - PHYSICAL DESCRIPTION
Extent 32 pages :
Other physical details color illustrations ;
Dimensions 28 cm.
336 ## - CONTENT TYPE
Content type term text
Content type code txt
Source rdacontent
337 ## - MEDIA TYPE
Media type term unmediated
Media type code n
Source rdamedia
338 ## - CARRIER TYPE
Carrier type term volume
Carrier type code nc
Source rdacarrier
490 0# - SERIES STATEMENT
Series statement Cultural traditions in my world
500 ## - GENERAL NOTE
General note Includes index.
505 0# - FORMATTED CONTENTS NOTE
Formatted contents note Welcome to Vietnam -- Celebrating with lunar calendar -- Gathering the family -- Celebrating weddings -- The Vietnamese New Year -- Perfume Pagoda Festival -- Hung Kings Festival -- Thay Pagoda Festival -- Reunification Day -- Buddha's birthday -- Festivals for ancestors and the deceased -- Independence Day -- Mid-autumn festival -- Christmas and International New Year.
521 1# - TARGET AUDIENCE NOTE
Target audience note Age 5-8.
521 2# - TARGET AUDIENCE NOTE
Target audience note Grade K to 3.
650 #0 - SUBJECT ADDED ENTRY--TOPICAL TERM
Topical term or geographic name entry element Festivals
Geographic subdivision Vietnam
Form subdivision Juvenile literature.
651 #0 - SUBJECT ADDED ENTRY--GEOGRAPHIC NAME
Geographic name Vietnam
General subdivision Social life and customs
Form subdivision Juvenile literature.
776 08 - ADDITIONAL PHYSICAL FORM ENTRY
Relationship information Online version:
Main entry heading Labrie, Julia, author.
Title Cultural traditions in Vietnam
Place, publisher, and date of publication St. Catharines, Ontario ; New York, New York : Crabtree Publishing, 2018
International Standard Book Number 9781427119568
Record control number (DLC) 2017027912
906 ## - LOCAL DATA ELEMENT F, LDF (RLIN)
a 7
b cbc
c orignew
d 1
e ecip
f 20
g y-gencatlg
942 ## - ADDED ENTRY ELEMENTS (KOHA)
Source of classification or shelving scheme
Koha item type Books - Non Ficton
Holdings
Withdrawn status Lost status Source of classification or shelving scheme Damaged status Not for loan Collection code Permanent Location Current Location Shelving location Date acquired Total Checkouts Full call number Barcode Date last seen Date last checked out Price effective from Koha item type
          Non-Fiction KH8 Primary School Library KH8 Primary School Library Non Fiction 2022-12-28 12 394.269597 LAB KHPL000003126 2025-12-05 2025-02-14 2022-12-28 Books - Non Ficton

Powered By KH8 IT Dept